| 000 | 00475nam a22001817a 4500 | ||
|---|---|---|---|
| 999 |
_c6307 _d6305 |
||
| 005 | 20210825161947.0 | ||
| 008 | 200520b xxu||||| |||| 00| 0 eng d | ||
| 020 | _a9789374736487 | ||
| 041 | _aeng | ||
| 082 | _a615.7 RED | ||
| 100 |
_aReddy Dr. kasarla Rajeshwar _95570 |
||
| 245 | _a"MEDICAL BIOCHEMISTRY: QUESTIONS WITH EXPLANATORY ANSWERS" | ||
| 250 | _a1'st | ||
| 260 |
_aDelhi _bAITB PUBLISHERS _c2019 |
||
| 300 | _a366,v | ||
| 650 |
_aPharmacy _96661 |
||
| 942 | _cBK | ||